Logo BPK

Bibliografia Prac Pracowników

Politechniki Koszalińskiej

The numerical analysis of displacements and strains in the surface layer of the object, during shot peening = (Rekord nr 628)

Szczegóły MARC
000 -ETYKIETA REKORDU
podpole kontrolne o stałej długości 01919naa a2200265 i 4500
001 - NUMER KONTROLNY REKORDU
podpole kontrolne 628
003 - IDENTYFIKATOR NUMERU KONTROLNEGO REKORDU
podpole kontrolne KOSZ 005
005 - DATA OSTATNIEJ MODYFIKACJI REKORDU
podpole kontrolne 20190610114319.0
008 - POLE O STAŁEJ DŁUGOŚCI - DANE KONTROLNE
podpole kontrolne o stałej długości 141102s2006 pl f |100 0 pol
040 ## - ŹRÓDŁO KATALOGOWANIA
Instytucja, która utworzyła rekord BPK
Instytucja, która dokonała modyfikacji KOSZ 005/EG
080 ## - UNIWERSALNA KLASYFIKACJA DZIESIĘTNA - UKD
UKD 621.73/.77
100 1# - NAZWA OSOBOWA
Nazwa osobowa KUKIEŁKA, Leon.
Lata pracy 1996 - .
Instytucja Politechnika Koszalińska - Wydział Mechaniczny,
Wydział Katedra Maszyn Roboczych
245 10 - TYTUŁ/ODPOWIEDZIALNOŚĆ
Tytuł The numerical analysis of displacements and strains in the surface layer of the object, during shot peening =
Ciąg dalszy tytułu Analiza numeryczna przemieszczeń i odkształceń zachodzących w warstwie wierzchniej przedmiotu podczas procesu kulowania /
Pozostałe elementy strefy tytułu i oznaczenia odpowiedzialności Paulina Pogorzelska, Dariusz Rusak, Leon Kukiełka.
500 ## - UWAGI OGÓLNE
Tekst uwagi Dane z autopsji.
520 ## - UWAGA DOTYCZĄCA TREŚCI DOKUMENTU
Analiza dokumentacyjna, adnotacja itp. Praca dotyczy analizy numerycznej procesu kulowania powierzchni płaskiej. Opracowano aplikację w programie Abaqus, wykorzystującą metodę elementów skończonych. Przedstawiono przykładowe wyniki obliczeń przemieszczeń i odkształceń. Wykazano istotność wpływu średnicy kulki (d) i odległości (s) na jakość warstwy wierzchniej.
650 #0 - HASŁO PRZEDMIOTOWE W FORMIE NAZWY OGÓLNEJ LUB JEDNOSTKOWEJ
Nazwa ogólna lub geograficzna Analiza numeryczna.
650 #0 - HASŁO PRZEDMIOTOWE W FORMIE NAZWY OGÓLNEJ LUB JEDNOSTKOWEJ
Nazwa ogólna lub geograficzna Naprężenia i odkształcenia.
655 #0 - TERMIN INDEKSOWY - OKREŚLENIE RODZAJU/FORMY DOKUMENTU
Określnie rodzaju/formy dokumentu Materiały konferencyjne.
650 #0 - HASŁO PRZEDMIOTOWE W FORMIE NAZWY OGÓLNEJ LUB JEDNOSTKOWEJ
Nazwa ogólna lub geograficzna Inżynieria powierzchni
700 1# - HASŁO DODATKOWE - NAZWA OSOBOWA
Nazwa osobowa POGORZELSKA, Paulina - doktorant.
Instytucja Politechnika Koszalińska - Wydział Mechaniczny,
Wydział Katedra Maszyn Roboczych
700 1# - HASŁO DODATKOWE - NAZWA OSOBOWA
Nazwa osobowa RUSAK, Dariusz - doktorant.
Lata pracy doktorant
Instytucja Politechnika Koszalińska - Wydział Mechaniczny,
Wydział Katedra Maszyn Roboczych
711 22 - HASŁO DODATKOWE - NAZWA IMPREZY
Nazwa imprezy Słupskie Forum Motoryzacji
Oznaczenie części/sekcji dzieła (9 ;
Data imprezy 2006 ;
Miejsce imprezy Słupsk, Polska).
Nazwa części/sekcji dzieła Słupskie Forum Motoryzacji'2006
773 0# - TYTUŁ DOKUMENTU MACIERZYSTEGO
Wyrażenie wprowadzające W :
Tytuł IX Konferencja Naukowo-Techniczna nt. Innowacje w motoryzacji a bezpieczeństwo ruchu drogowego : [IX Słupskie Forum Motoryzacji], Słupsk 26.05.2006 : praca zbiorowa / pod red. Leona Kukiełki. -
Adres wydawniczy Słupsk : Starostwo Powiatowe, 2006. -
Informacje dotyczące relacji s. 259-266
942 ## - HASŁO DODATKOWE - ELEMENTY(KOHA)
Typ dokumentu Rozdział
Schemat klasyfikacji Uniwersalna klasyfikacja dziesiętna
Egzemplarze
Wycofany Zagubiony Uszkodzony Dostępność Lokalizacja stała Lokalizacja bieżąca Sygnatura Typ dokumentu
      Dostępny Bibliografia Prac Pracowników - BPK Bibliografia Prac Pracowników - BPK 84497 Rozdział
© 2014 Biblioteka Politechniki Koszalińskiej :: BIBLIOGRAFIA PRAC PRACOWNIKÓW